000 00270nam a2200133Ia 4500
100 _aSymanski Paul
942 _cBK
654 _aWicked Windows
245 _aWicked Wiindows
260 _bAlacus
_aUSA
_c1993
082 _a005.3 'W'
546 _aENGLISH
999 _c33577
_d33577